|
|
|
|
| LEADER |
00647nab a2200193Ia 4500 |
| 008 |
170811c99999999xx |||||||||||| ||und|| |
| 100 |
|
|
|a Cecilia Milwertz
|
| 245 |
|
|
|a Masculine modernity trumps feminine tradition:
|
| 300 |
|
|
|a 259-280
|
| 653 |
|
|
|a Capacity building
|
| 653 |
|
|
|a Gender and Development
|
| 653 |
|
|
|a Modernity
|
| 653 |
|
|
|a Republic Chinal NGO
|
| 653 |
|
|
|a Gender
|
| 700 |
|
|
|a Wang Fengxian
|
| 773 |
|
|
|t Gender Technology and Development
|g Vol. 17 No. 3 (November) 2013
|
| 942 |
|
|
|c ART
|
| 999 |
|
|
|c 181516
|d 181516
|
| 952 |
|
|
|0 0
|1 0
|4 0
|7 0
|9 247364
|a LIB
|b LIB
|d 2017-08-13
|h Vol. 17 No. 3 (November) 2013
|r 2017-08-13
|w 2017-08-13
|y ART
|